000 00707nam a2200241 i 4500
001 C2-0167873
003 PPAK
005 20180727133737.0
008 980712s1981 nyua|||| ||||| | eng d
020 _a0823030156
040 _aPPAK
_beng
_cPPAK
_erda
082 0 4 _a751.422
_223
090 0 0 _a751.422
_bSCH
_dR
100 1 _aSchink, Christopher,
_d1936-
_eauthor
245 1 0 _aMastering color and design in watercolor
264 1 _aNew York :
_bWatson-Guptill Pub. ,
_c1981
300 _a144 pages :
_bcolour illustrations ;
_c28 cm
336 _2rdacontent
_atext
337 _2rdamedia
_aunmediated
338 _2rdacarrier
_avolume
650 1 0 _aWater-color painting - Technique
942 _ddc
_cB
999 _c49644
_d49644